000 01158cam a2200301 i 4500
001 12552434
003 EG-ScBUE
005 20241016102152.0
008 011001t2002 flua f bf 001 0 eng d
020 _a1584882999
020 _a9781584882992
040 _aDLC
_beng
_erda
_cDLC
_dDLC
_dEG-ScBUE
082 0 4 _a515.354
_222
_bPOL
100 1 _a Poli︠a︡nin, A. D.‏
_q(Andreĭ Dmitrievich)‏
_eauthor.
_939021
245 1 0 _aHandbook of linear partial differential equations for engineers and scientists /
_cAndrei D. Polyanin.
246 3 0 _aLinear partial differential equations for engineers and scientists
264 1 _aBoca Raton :
_bChapman & Hall/CRC / Taylor & Francis Group,
_c[2002]
264 4 _cc2002
300 _axvii, 781 pages :
_billustrations ;
_c26 cm
336 _2rdacontent
_atext
_btxt
337 _2rdamedia
_aunmediated
_bn
338 _2rdacarrier
_avolume
_bnc
504 _aIncludes bibliographical references and index.
650 7 _aDifferential equations, Linear
_xNumerical solution
_vHandbooks, manuals, etc.
_2BUEsh
_939022
653 _bENGELC
_cAugust2015
_cJanuary2016
655 _vReading book
942 _2ddc
_cBB
999 _c20471
_d20443